[Event "Stockerau"]
[Site "Stockerau"]
[Date "1993.??.??"]
[Round "1"]
[White "Rasik, Vitezslav"]
[Black "Schweda, Roland"]
[Result "1-0"]
[WhiteElo "2415"]
[BlackElo "2305"]

1.e4 c5 2.Nc3 e6 3.Nf3 Nc6 4.d4 cxd4 5.Nxd4 d6 6.Be3 Nf6 7.Be2 Be7 8.g4 a6
9.g5 Nd7 10.h4 Qc7 11.h5 b5 12.Nxc6 Qxc6 13.Qd4 e5 14.Qd2 Nc5 15.f3 Be6 16.Nd5 Bxd5
17.exd5 Qc7 18.O-O-O f5 19.gxf6 Bxf6 20.Rhg1 Rc8 21.Bxc5 Qxc5 22.Bd3 Rc7
23.Kb1 b4 24.Rg4 a5 25.Rc4 Qb6 26.Rxc7 Qxc7 27.Qe2 Bg5 28.Qe4 Bh6 29.Qg4 Kd8
30.Bb5 Rf8 31.Qe4 Qf7 32.Qg4 Qf5 33.Qg1 Qc8 34.Qa7 Qc7 35.Qf2 Rf4 36.Bd3 Qc5
37.Qg2 Qxd5 38.Be2 Qe6 39.Qg1 Qe7 40.Qb6+ Qc7 41.Rxd6+ Kc8 42.Rc6  1-0

[Event "Stockholm op"]
[Site "Stockholm"]
[Date "1993.??.??"]
[Round "?"]
[White "Johansson, Toni"]
[Black "Ornstein, Axel"]
[Result "0-1"]
[WhiteElo "2110"]
[BlackElo "2440"]

1.e4 c5 2.Nf3 e6 3.d4 cxd4 4.Nxd4 Nc6 5.Nc3 Qc7 6.Be3 Nf6 7.Bd3 Nxd4 8.Bxd4 Bc5
9.Bxc5 Qxc5 10.O-O O-O 11.Kh1 d6 12.f4 Bd7 13.Qe1 e5 14.Qh4 exf4 15.Rxf4 g5
16.Qh6 gxf4 17.Qxf6 Qe5 18.Nd5 Qxf6 19.Nxf6+ Kg7 20.Nxd7 Rfd8 21.Bb5 a6 22.Nb6 axb5
23.Nxa8 Rxa8 24.Kg1 b4 25.Kf2 Rc8 26.Rc1 Kf6 27.Ke2 Ke5 28.Kd3 Rg8 29.Rg1 h6
30.g3 fxg3 31.Rxg3 Rxg3+ 32.hxg3 d5 33.exd5 Kxd5 34.Ke3 Ke5 35.Kf3 Kf5 36.Ke3 Kg4
37.Kf2 f5 38.Kg2 b5 39.Kh2 f4 40.gxf4 Kxf4  0-1

[Event "Rilton Cup op9394"]
[Site "Stockholm"]
[Date "1993.??.??"]
[Round "4"]
[White "Nielsen, Peter Heine"]
[Black "Lindberg, Bengt"]
[Result "1-0"]
[WhiteElo "2465"]
[BlackElo "2335"]

1.e4 c5 2.Nf3 e6 3.d4 cxd4 4.Nxd4 Nc6 5.Nc3 a6 6.Be2 Qc7 7.O-O Nf6 8.Be3 Bb4
9.Na4 O-O 10.Nxc6 bxc6 11.f4 Rb8 12.Bd3 Be7 13.c4 c5 14.b3 d6 15.Nc3 Nd7
16.Qc2 Bb7 17.e5 g6 18.exd6 Qxd6 19.Rad1 Qc7 20.Qf2 f5 21.Be2 Nf6 22.Bf3 Bxf3
23.Qxf3 Ng4 24.h3 Nxe3 25.Qxe3 Qc6 26.Na4 Rbd8 27.Rfe1 Rxd1 28.Rxd1 Kf7 29.Nb2 Qc7
30.Nd3 Bd6 31.Ne5+ Kg8 32.Nxg6 Re8 33.Ne5 Re7 34.Kf2 Kf8 35.g3 Rg7 36.Nf3 Re7
37.Qd3 Rd7 38.Ng5 Ke7 39.Qe2 e5 40.Rd5 Kf6  1-0

[Event "Rilton Cup op9394"]
[Site "Stockholm"]
[Date "1993.??.??"]
[Round "6"]
[White "Hector, Jonny"]
[Black "Cramling, Dan"]
[Result "1-0"]
[WhiteElo "2500"]
[BlackElo "2420"]

1.e4 c5 2.Nf3 e6 3.d4 cxd4 4.Nxd4 Nc6 5.Nc3 d6 6.f4 Nf6 7.Nf3 Be7 8.Bd3 O-O
9.O-O b6 10.Qe1 Nd7 11.e5 Nc5 12.Bb5 Nb4 13.Rf2 a6 14.Bf1 dxe5 15.fxe5 Bb7
16.Bf4 b5 17.Rd1 Qb6 18.a3 Nd5 19.Nxd5 Bxd5 20.Kh1 Qb7 21.Rd4 Rad8 22.b4 Na4
23.Bc1 f5 24.c4 bxc4 25.Bxc4 Nb6 26.Bxd5 Rxd5 27.Rxd5 Qxd5 28.Rd2 Qe4 29.Qd1 Rc8
30.Rd4 Qb1 31.Be3 Qb2 32.Rd2 Qxa3 33.Rd3 Qxb4 34.Rb3 Qa4 35.Bxb6 a5 36.Bd4 h6
37.Rb1 Qc6 38.Ra1 Bb4 39.Be3 Qc7  1-0

[Event "Rilton Cup op9394"]
[Site "Stockholm"]
[Date "1993.??.??"]
[Round "8"]
[White "Nielsen, Peter Heine"]
[Black "Engqvist, Thomas"]
[Result "1-0"]
[WhiteElo "2465"]
[BlackElo "2420"]

1.e4 c5 2.Nf3 e6 3.d4 cxd4 4.Nxd4 Nc6 5.Nc3 d6 6.Be2 Nf6 7.O-O Be7 8.Be3 O-O
9.f4 Qc7 10.Kh1 Bd7 11.Nb3 Rfd8 12.Qe1 Be8 13.Qf2 Nd7 14.Bg4 Nf6 15.Bf3 Na5
16.Nd4 Nc4 17.Bc1 Qc5 18.b3 Na5 19.Bb2 Nc6 20.Nce2 Nxd4 21.Nxd4 Bd7 22.Rae1 Rf8
23.c4 Ne8 24.e5 Rb8 25.Qg3 Qa5 26.a4 a6 27.Be4 Qc5 28.Qh3 g6 29.Nf3 d5 30.cxd5 exd5
31.Qxd7 dxe4 32.Nd4 Qb4 33.Qd5 Rd8 34.Qxe4 Bc5 35.Rd1 Ng7 36.Qe1 Qb6 37.a5 Qa7
38.Qe4 b6 39.b4 Bxb4 40.Nc6 Qb7 41.e6 Rxd1 42.Rxd1 f5 43.Qe5  1-0

[Event "Rilton Cup op9394"]
[Site "Stockholm"]
[Date "1993.??.??"]
[Round "9"]
[White "Bergstrom, Peter"]
[Black "Engqvist, Thomas"]
[Result "1/2-1/2"]
[WhiteElo "2270"]
[BlackElo "2420"]

1.e4 c5 2.Nf3 e6 3.d4 cxd4 4.Nxd4 Nc6 5.Nc3 d6 6.Be2 Nf6 7.O-O Be7 8.Be3 O-O
9.f4 Qc7 10.Qe1 Nxd4 11.Bxd4 e5 12.Be3 exf4 13.Rxf4 Be6 14.Bd3 Nd7 15.Nb5 Qd8
16.Nd4 Ne5 17.Nxe6 fxe6 18.Rxf8+ Qxf8 19.Qe2 Bd8 20.Rf1 Qe7 21.Kh1 Bb6 22.Bf4 Rf8
23.Bxe5 dxe5 24.Bc4 Rxf1+ 25.Qxf1 g6 26.g3 Kg7 27.Kg2 h5 28.c3 g5 29.b4 Kg6
30.Qe2 a6 31.Qf3 a5 32.a3 axb4 33.axb4 Kh6 34.h4 g4 35.Qf1 Kg6 36.Qc1 Bd8
37.Qd2 Bb6 38.Qc1 Qf6 39.Qf1 Qd8 40.Qd3 Qf8 41.Qf1 Qh6 42.Bxe6 Qd2+ 43.Kh1 Bf2
44.Kg2 Be3+ 45.Kh1 Bf4 46.Bc4 Qe3 47.gxf4 exf4 48.e5 Kg7 49.e6 f3 50.Qd1 Qxc3
51.e7 f2 52.Bf1 Kf7 53.Qd5+ Kxe7 54.Qxb7+ Kd6 55.Qb6+ Ke5 56.Qb8+ Kf5 57.Qf8+ Ke4
58.Qe7+ Kf4 59.Qd6+ Ke4 60.Bg2+ Kf5 61.Qf8+ Ke6 62.Qxf2 Qxb4 63.Qe3+ Kd7
64.Qd3+ Ke7 65.Qh7+ Kd6 66.Qg6+ Ke7 67.Qg7+ Ke6 68.Qg6+ Ke7 69.Qg5+ Ke6 70.Qh6+ Ke7
71.Qxh5 Qb1+ 72.Kh2 Qb8+ 73.Kg1 Qb6+ 74.Kf1 Qb1+  1/2-1/2

[Event "EU-ch U18 Girls"]
[Site "Svitavy"]
[Date "1993.??.??"]
[Round "1"]
[White "Petrenko, Svetlana"]
[Black "Lymar, Irina"]
[Result "1-0"]
[WhiteElo "2075"]
[BlackElo "2275"]

1.e4 c5 2.Nf3 e6 3.d4 cxd4 4.Nxd4 Nc6 5.Nc3 Qc7 6.Be3 a6 7.a4 Nf6 8.Bd3 Ne5
9.h3 Bb4 10.Ne2 Nc4 11.Bxc4 Qxc4 12.Qd3 Qxd3 13.cxd3 d6 14.O-O Bd7 15.Na2 Ba5
16.b4 Bd8 17.Nac3 O-O 18.Rfb1 Rc8 19.b5 Ba5 20.Nd1 e5 21.bxa6 bxa6 22.Bb6 Bxb6
23.Rxb6 Rc6 24.Rb2 Rfc8 25.Ne3 Kf8 26.f3 Ke7 27.Kf2 Rc5 28.Ke1 d5 29.Kd2 dxe4
30.dxe4 a5 31.Nc1 Be6 32.Nd3 Rd8 33.Ke2 Rc3 34.Nxe5 Nh5 35.Nd1 Nf4+ 36.Kf1 h5
37.Nxc3  1-0

[Event "SWE-chT 9394"]
[Site "SWE"]
[Date "1993.??.??"]
[Round "3"]
[White "Hall, Jesper"]
[Black "Engqvist, Thomas"]
[Result "1-0"]
[WhiteElo "2450"]
[BlackElo "2420"]

1.e4 c5 2.Nf3 e6 3.d4 cxd4 4.Nxd4 Nc6 5.Nc3 d6 6.f4 Nf6 7.Nf3 Be7 8.Bd3 O-O
9.O-O a6 10.Qe1 Qc7 11.Kh1 b5 12.e5 dxe5 13.fxe5 Nd7 14.Bg5 Ndxe5 15.Nxe5 Nxe5
16.Bxe7 Nxd3 17.Qh4 Re8 18.Bf6 gxf6 19.Ne4 Ne5 20.Nxf6+ Kf8 21.Rae1 Ra7 22.Qg5 Rd8
23.Rxe5 Qxc2 24.Nxh7+ Ke8 25.Nf6+ Kf8 26.Nh7+ Ke8 27.Qg8+ Kd7 28.Qxf7+ Kd6
29.Qxa7 Kxe5 30.Qb8+ Kd5 31.Qb6 Rh8 32.Nf6+ Kc4 33.Qc6+  1-0

[Event "SWE-chT 9293"]
[Site "SWE"]
[Date "1993.??.??"]
[Round "7"]
[White "Schneider, Lars Ake"]
[Black "Eriksson, Anders"]
[Result "1/2-1/2"]
[WhiteElo "2445"]
[BlackElo "2270"]

1.e4 c5 2.Nf3 e6 3.d4 cxd4 4.Nxd4 Nc6 5.Nc3 a6 6.Be2 Nge7 7.Bf4 Ng6 8.Nxc6 bxc6
9.Bd6 Bxd6 10.Qxd6 Qe7 11.O-O-O Qxd6 12.Rxd6 Ke7 13.Rhd1 Nf4 14.Bf3 Rb8 15.e5 Ng6
16.Be2 Nxe5 17.Ne4 Ra8 18.Nc5 g5 19.g3 Rd8 20.R6d4 f5 21.h4 g4 22.Ra4 d6
23.Nd3 Nd7 24.Nb4 Nb8 25.f3 c5 26.Nd3 Bd7 27.Ra3 gxf3 28.Bxf3 Nc6 29.Nf4 Ra7
30.Be2 Bc8 31.g4 Rf8 32.g5 Nd4 33.Re3 Nxe2+ 34.Rxe2 e5 35.Nd5+ Ke6 36.Nf4+ Kd7
37.Rxe5 Kc6 38.Red5 Rd8 39.b3 Re7 40.R5d2 Re4 41.Rf2  1/2-1/2

[Event "SWE-chT 9293"]
[Site "SWE"]
[Date "1993.??.??"]
[Round "8"]
[White "Wedberg, Tom"]
[Black "Hall, Jesper"]
[Result "1-0"]
[WhiteElo "2465"]
[BlackElo "2370"]

1.e4 c5 2.Nf3 Nc6 3.d4 cxd4 4.Nxd4 e6 5.Nc3 d6 6.g3 Nf6 7.Bg2 Bd7 8.O-O Be7
9.Ndb5 Qb8 10.Bg5 a6 11.Bxf6 gxf6 12.Nd4 Nxd4 13.Qxd4 Qa7 14.Qd2 Qc5 15.Ne2 Rc8
16.Rac1 b5 17.Nd4 O-O 18.Kh1 Rfd8 19.c3 Bf8 20.Rcd1 Rc7 21.f4 Bc8 22.Rf3 Bb7
23.Rd3 Rcd7 24.Qe2 Kh8 25.f5 Re8 26.Qg4 Qe5 27.Re1 d5 28.Nf3 Qc7 29.e5 Qd8
30.exf6 Qxf6 31.fxe6 fxe6 32.Ne5 Rg7 33.Qh5 Qe7 34.Rf1 Kg8 35.Rd4 Rg5 36.Rg4 Rxg4
37.Qxg4+ Qg7 38.Qh5 Re7 39.Rf4 Qh6 40.Rg4+ Kh8 41.Nf7+ Rxf7 42.Qxf7 Qc1+
43.Qf1 Qxf1+ 44.Bxf1 b4 45.Bg2 a5 46.c4 a4 47.cxd5 exd5 48.b3 axb3 49.axb3  1-0

[Event "SWZ-chT"]
[Site "?"]
[Date "1993.??.??"]
[Round "?"]
[White "Hort, Vlastimil"]
[Black "Begovac, Franja"]
[Result "1-0"]
[WhiteElo "2545"]
[BlackElo "2405"]

1.e4 c5 2.Nf3 e6 3.d4 cxd4 4.Nxd4 Nc6 5.Nc3 a6 6.g3 d6 7.Bg2 Bd7 8.O-O Nf6
9.Nde2 Be7 10.h3 b5 11.a3 Rc8 12.g4 h6 13.Nf4 g5 14.Nd3 Ne5 15.f4 Qb6+ 16.Rf2 Nc4
17.Qf3 gxf4 18.Bxf4 e5 19.g5 Nh7 20.Nd5 Qd8 21.Bc1 Be6 22.b3 Nb6 23.Nxe7 Qxe7
24.gxh6 Rg8 25.Qh5 Nd7 26.Be3 Ndf6 27.Qh4 Nd5 28.Qxe7+ Nxe7 29.Kh2 Ng6 30.a4 Nh4
31.Bh1 f5 32.axb5 axb5 33.Ra7 f4 34.Bxf4 exf4 35.Rxh7 f3 36.Rb7 Rh8 37.h7 Bf7
38.e5 Rxh7 39.exd6 Rd8 40.Bxf3 Rxd6 41.Be4 Rg7 42.Rxb5 Rd4 43.Rb8+ Ke7 44.Rb7+  1-0

[Event "Szeged op"]
[Site "Szeged"]
[Date "1993.??.??"]
[Round "2"]
[White "Soos, Arpad"]
[Black "Varga, Zoltan"]
[Result "1/2-1/2"]
[WhiteElo "2315"]
[BlackElo "2475"]

1.e4 c5 2.Nf3 e6 3.d4 cxd4 4.Nxd4 Nc6 5.Nc3 Qc7 6.Be3 a6 7.Bd3 b5 8.O-O Bb7
9.a3 Nf6 10.Kh1 Ne5 11.h3 Nc4 12.Bxc4 bxc4 13.f3 Be7 14.Qd2 O-O 15.Nde2 d5
16.exd5 Nxd5 17.Nxd5 Bxd5 18.Bf4 Qb7 19.Be5 Rfd8 20.Qe3 f6 21.Bc3 e5 22.Rad1 Bf7
23.Ng3 Rxd1 24.Rxd1 Rd8 25.Rxd8+ Bxd8 26.Qd2 Qd5 27.Qxd5 Bxd5 28.Kg1 Bc6
29.b3 Bd5 30.b4 Bc6 31.Be1 Kf7 32.Ne4 Be7 33.Bf2 a5 34.bxa5 Bxa3 35.a6 Ke6
36.a7 Bb4 37.h4 h6 38.Bc5 f5 39.Bxb4 fxe4 40.fxe4 h5 41.Kf2 Bxe4 42.g3  1/2-1/2

[Event "Szeged op"]
[Site "Szeged"]
[Date "1993.??.??"]
[Round "7"]
[White "Soos, Arpad"]
[Black "Zemerov, Vladimir"]
[Result "1/2-1/2"]
[WhiteElo "2315"]
[BlackElo "2420"]

1.e4 c5 2.Nf3 e6 3.d4 cxd4 4.Nxd4 Nc6 5.Nc3 a6 6.Be3 Qc7 7.Bd3 Nf6 8.O-O Ne5
9.h3 Bc5 10.Qe2 d6 11.f4 Nxd3 12.cxd3 Bd7 13.Nb3 Bxe3+ 14.Qxe3 O-O 15.a4 Rac8
16.a5 Rfd8 17.Rac1 Qb8 18.Nd2 Bc6 19.Ne2 Bb5 20.Nc3 Be8 21.Ne2 Bb5 22.Nc3 Bc6
23.Ne2 Nd7 24.f5 e5 25.f6 Nxf6 26.Rxf6 gxf6 27.Ng3 Kf8 28.Qh6+ Ke8 29.Qxf6 Bd7
30.Nc4 Be6 31.Rf1 Rxc4 32.dxc4 Qc7  1/2-1/2

[Event "Tel Aviv"]
[Site "Tel Aviv"]
[Date "1993.??.??"]
[Round "?"]
[White "Sutovskij, Emil"]
[Black "Birnboim, Nathan"]
[Result "1-0"]
[WhiteElo "2340"]
[BlackElo "2395"]

1.e4 c5 2.Nf3 Nc6 3.Nc3 e6 4.d4 cxd4 5.Nxd4 Nf6 6.Nxc6 bxc6 7.e5 Nd5 8.Ne4 Qc7
9.f4 Qb6 10.c4 Bb4+ 11.Ke2 f5 12.exf6 Nxf6 13.Be3 Qa5 14.Nxf6+ gxf6 15.Kf2 O-O
16.Bd3 Rf7 17.h4 Bc5 18.Rh3 Bxe3+ 19.Rxe3 Qc5 20.Qe2 Qd4 21.g3 Rb8 22.Rb1 c5
23.b3 f5 24.Rd1 Qg7 25.Bb1 Bb7 26.Re5 Rc8 27.g4 Qh6 28.Kg3 fxg4 29.Rg5+ Kf8
30.Qe5 Bf3 31.Qh8+ Ke7 32.Qxc8 Bxd1 33.Qxc5+ Ke8 34.Qxa7 Rf8 35.Qd4  1-0

[Event "Ticino op"]
[Site "Ticino"]
[Date "1993.??.??"]
[Round "4"]
[White "Gallagher, Joseph G"]
[Black "Ksieski, Zbigniew"]
[Result "1-0"]
[WhiteElo "2515"]
[BlackElo "2340"]

1.e4 c5 2.Nf3 e6 3.d4 cxd4 4.Nxd4 Nc6 5.Nc3 d6 6.Be3 Nf6 7.Be2 Be7 8.Qd2 e5
9.Nb3 O-O 10.O-O Be6 11.Rfd1 a5 12.a3 a4 13.Nc1 Qa5 14.f3 Rfd8 15.Nd5 Bxd5
16.exd5 Qxd2 17.Rxd2 Na5 18.b4 axb3 19.Nxb3 Rdc8 20.Nxa5 Rxa5 21.c4 Nd7 22.Rb2 Rc7
23.a4 Bf8 24.Rb5 Ra6 25.a5 g6 26.Rab1 Nc5 27.f4 exf4 28.Bxf4 h5 29.Kf1 Ra8
30.Be3 Re7 31.Bxc5 dxc5 32.d6 Rd7 33.Bf3 Bxd6 34.Rd1 Rad8 35.Rxb7 Rxb7 36.Bxb7 Bc7
37.Ra1 Bb8 38.Bd5 Rd7 39.h3 Kg7 40.a6 Ba7 41.Ke2 f5 42.h4 Kf6 43.Kd3 Re7
44.Rb1 f4 45.Kc2 g5 46.hxg5+ Kxg5 47.Kb3 Kf6 48.Ka4 Ke5 49.Ka5 Kd6 50.Rb6+ Ke5
51.Kb5 h4 52.Rh6 Rg7 53.Rxh4 Rg3 54.Bf3 Rg7 55.Rh8 Kd6 56.Ra8  1-0

[Event "Tilburg rapid20"]
[Site "Tilburg"]
[Date "1993.??.??"]
[Round "1"]
[White "Hellers, Ferdinand"]
[Black "Ribli, Zoltan"]
[Result "1/2-1/2"]
[WhiteElo "2560"]
[BlackElo "2610"]

1.e4 c5 2.Nf3 e6 3.d4 cxd4 4.Nxd4 Nc6 5.Nc3 Qc7 6.Be2 a6 7.O-O Nf6 8.Be3 Bb4
9.Na4 Be7 10.Nxc6 bxc6 11.Nb6 Rb8 12.Nxc8 Qxc8 13.e5 Nd5 14.Bc1 Bc5 15.c4 Ne7
16.b3 O-O 17.Bb2 Qc7 18.Kh1 Ng6 19.f4 Rfd8 20.Qc2 d6  1/2-1/2

[Event "Tilburg"]
[Site "Tilburg"]
[Date "1993.??.??"]
[Round "1"]
[White "Hellers, Ferdinand"]
[Black "Ribli, Zoltan"]
[Result "1/2-1/2"]
[WhiteElo "2560"]
[BlackElo "2610"]

1.e4 c5 2.Nf3 e6 3.d4 cxd4 4.Nxd4 Nc6 5.Nc3 Qc7 6.g3 a6 7.Bg2 Nf6 8.O-O Be7
9.Re1 O-O 10.Nxc6 dxc6 11.e5 Rd8 12.Qe2 Nd5 13.Ne4 Qxe5 14.c4 Nf6 15.Bg5 Qc7
16.Bxf6 gxf6 17.Qg4+ Kh8 18.Qh5 Kg7 19.Qg4+  1/2-1/2

[Event "Tilburg"]
[Site "Tilburg"]
[Date "1993.??.??"]
[Round "2"]
[White "Rogers, Ian"]
[Black "Razuvaev, Yuri S"]
[Result "1/2-1/2"]
[WhiteElo "2595"]
[BlackElo "2560"]

1.e4 c5 2.Nf3 Nc6 3.d4 cxd4 4.Nxd4 e6 5.Nc3 a6 6.Nxc6 bxc6 7.Bd3 d5 8.O-O Nf6
9.Re1 Be7 10.e5 Nd7 11.Qg4 Kf8 12.Bd2 Nc5 13.Na4 h5 14.Qd4 Nxa4 15.Qxa4 c5
16.c4 g6 17.Rad1 Kg7 18.Ba5 Qe8 19.Qc2 Bb7 20.cxd5 Bxd5 21.b3 h4 22.h3 Rh5
23.Be4 Qb5 24.Qc3 Bd8 25.Bxd8 Rxd8 26.Bxd5 exd5 27.Rc1 Re8 28.Qxc5 Qxc5 29.Rxc5 Rhxe5
30.Rxe5 Rxe5 31.Kf1 Re6 32.Rxd5 f6 33.f4 f5 34.Rd7+ Kf6 35.Rd4 g5 36.fxg5+ Kxg5
37.Kf2 Rc6 38.Rc4 Rd6 39.Ke2 Re6+ 40.Kf2 Rd6 41.Rc2 Kf4 42.a4 a5 43.Rc4+ Kg5
44.Ke2 Rb6 45.Rc3 Kf4 46.Kf2 Rb8 47.Kg1 Rd8 48.Kh2 Rb8 49.Rc4+ Kg5 50.Rc3 Kf4
51.Rc4+ Kg5 52.Rc5 Rxb3 53.Rxa5 Ra3 54.Ra8 Kf4 55.a5 Ra1 56.a6 Ra2 57.a7 Ra1
58.Rh8 Rxa7 59.Rxh4+ Kg5 60.Rb4 Ra3 61.h4+ Kh5 62.g3 Ra2+ 63.Kh3 Ra3 64.Kg2 Kg6
65.Rb6+ Kg7 66.Kf2 Kf7 67.Rb1 Kg6 68.Re1 Kf6 69.Re3 Ra1 70.Rb3 Ra4 71.Kf3 Kg6
72.Rb6+ Kf7 73.h5 Kg7 74.Rg6+ Kf7 75.Kg2 Rb4 76.Kh3 Ra4 77.Rb6 Kg7 78.h6+ Kh7
79.Rf6 Rb4  1/2-1/2

[Event "Toronto"]
[Site "Toronto"]
[Date "1993.??.??"]
[Round "7"]
[White "Angelov, Georgi"]
[Black "Teodoro, Eduardo"]
[Result "1-0"]
[WhiteElo "2200"]
[BlackElo "2215"]

1.e4 c5 2.Nc3 e6 3.Nf3 Nc6 4.d4 cxd4 5.Nxd4 a6 6.g3 Qc7 7.Bg2 Nf6 8.O-O Be7
9.Re1 d6 10.Nxc6 bxc6 11.e5 dxe5 12.Rxe5 Qxe5 13.Bxc6+ Bd7 14.Bxa8 O-O 15.Bf4 Qa5
16.Bg2 Rd8 17.Qe2 Bb5 18.Nxb5 axb5 19.a3 b4 20.a4 Rc8 21.Qb5 Bd8 22.Rc1 Rc5
23.Qb8 Nd7 24.Qb7 Nb6 25.Be3 Rf5 26.Rd1 Nd5 27.Qd7 h6 28.Be4  1-0

[Event "Toulouse-ch"]
[Site "Toulouse"]
[Date "1993.??.??"]
[Round "1"]
[White "Kleinplatz, Sam"]
[Black "Pira, Davoud"]
[Result "1-0"]
[WhiteElo "2355"]
[BlackElo "2350"]

1.e4 c5 2.Nf3 e6 3.d4 cxd4 4.Nxd4 Nc6 5.Nc3 Qc7 6.Be3 a6 7.Be2 Nf6 8.O-O Bb4
9.Na4 O-O 10.Nxc6 bxc6 11.Qd4 Bd6 12.h3 Rb8 13.Qd3 Rb4 14.Nc5 a5 15.b3 Re8
16.c4 Bh2+ 17.Kh1 d5 18.f4 dxc4 19.bxc4 Rd8 20.Qc3 Bg3 21.Bc1 Bh4 22.Ba3 Qb6
23.Bxb4 axb4 24.Qe5 Rd2 25.Rad1 Rxa2 26.Qb8 Nd7 27.Qxc8+ Nf8  1-0

[Event "UZB-ch"]
[Site "?"]
[Date "1993.??.??"]
[Round "9"]
[White "Ziatdinov, Raset"]
[Black "Saltaev, Mihail"]
[Result "1/2-1/2"]
[WhiteElo "2455"]
[BlackElo "2470"]

1.e4 c5 2.Nf3 e6 3.d4 cxd4 4.Nxd4 Nc6 5.Nc3 d6 6.Be3 Nf6 7.Qd2 Be7 8.Be2 O-O
9.O-O-O a6 10.Kb1 Bd7 11.f4 b5 12.Bf3 Rc8 13.g4 Na5 14.g5 Nc4 15.Qf2 Ne8
16.h4 Qc7 17.Rd3 Nxe3 18.Rxe3 b4 19.Nd1 d5 20.e5 Bc5 21.Rd3 Qb6 22.Qd2 Nc7
23.Nb3 Be7 24.c4 bxc3 25.Nxc3 Nb5 26.Nxb5 Bxb5 27.Rd4 Bc4 28.f5 Rb8 29.Rh2 Rfc8
30.g6 exf5 31.gxf7+ Kxf7 32.Rg2 Qb5 33.Nc1 Kg8 34.Be2 Kh8 35.Bxc4 Rxc4 36.Rxc4 Qxc4
37.h5 Bb4 38.Qg5 Qe4+ 39.Ka1 Qxe5 40.Nd3 Qe7 41.a3 Qxg5 42.Rxg5 Be7 43.Rxf5 d4
44.Kb1 Rb5 45.Re5 Rxe5 46.Nxe5 Kg8 47.Kc2 Bf6 48.Nd7 d3+ 49.Kxd3 Bxb2 50.a4 a5
51.Nc5 Ba3 52.Nb7 Bb4 53.Nd8 Bd6 54.Ke4 g6 55.Kd5 Bg3 56.h6 Bc7 57.Ne6 Bb6
58.Ke4 Bf2 59.Nd8 Be1 60.Kd3 Bg3 61.Ke4 Bc7 62.Ne6 Bd6 63.Nd8 Bc5 64.Nc6 Bb6
65.Kd5 Bc7 66.Ke6 Kf8 67.Kd7 Bf4 68.Nxa5 g5 69.Nc4 g4 70.a5 g3 71.a6 Bb8
72.Ne5 g2 73.Nf3 Kf7 74.Kc6 Ba7 75.Kd5  1/2-1/2

[Event "Velden op"]
[Site "Velden"]
[Date "1993.??.??"]
[Round "8"]
[White "Mazi, Leon"]
[Black "Schlosser, Philipp"]
[Result "0-1"]
[WhiteElo "2295"]
[BlackElo "2520"]

1.e4 c5 2.Nf3 e6 3.d4 cxd4 4.Nxd4 Nc6 5.Nc3 Qc7 6.g3 a6 7.Bg2 Nf6 8.O-O Be7
9.Be3 O-O 10.h3 d6 11.Kh1 Bd7 12.f4 b5 13.a3 Nxd4 14.Bxd4 Bc6 15.Qd3 Qb7
16.g4 a5 17.g5 Nd7 18.Rg1 b4 19.Ne2 e5 20.Be3 exf4 21.Nxf4 Ne5 22.Qd4 Bxg5
23.Nd5 Bxe3 24.Nxe3 Rfd8 25.Nf5 bxa3 26.Rxa3 g6 27.Rg3 Qb4 28.Ne7+ Kf8 29.Nxc6 Nxc6
30.Qh8+ Ke7 31.Qxh7 Qxb2 32.e5 Nxe5 33.Bxa8 Rxa8 34.Qh4+ Ke6 35.Qe4 Rc8 36.Rd3 Rc6
37.Rf1 Qxc2 38.Qd5+ Ke7 39.Re3 f5 40.Rfe1 Qc4 41.Rxe5+ dxe5 42.Rxe5+ Kf8
43.Qxc4 Rxc4 44.Rxa5 Kg7 45.Kg2 Kh6 46.Ra3 Kh5 47.Kg3 Rc2 48.Rb3 g5 49.Rb8 f4+
50.Kf3 Rh2 51.Rh8+ Kg6 52.Rg8+ Kf6 53.Rh8 Kg7 54.Rh5 Kg6 55.Rh8 Ra2 56.h4 Ra3+
57.Kf2 g4 58.h5+ Kg5 59.h6 Ra2+ 60.Kf1 Kh4 61.h7 Ra7 62.Rf8 Rxh7 63.Rxf4 Kg3
64.Rf8 Rh1+ 65.Ke2 Ra1 66.Rh8 Kg2 67.Rg8 g3 68.Rg7 Ra8 69.Re7 Rf8 70.Re6 Kg1
71.Ke1 g2 72.Rh6 Re8+ 73.Kd2 Re5  0-1

[Event "Vicente Lopez op"]
[Site "Vicente Lopez"]
[Date "1993.??.??"]
[Round "5"]
[White "Antollovich, Anibal"]
[Black "Arregui, Jose Luis"]
[Result "0-1"]
[WhiteElo "2125"]
[BlackElo "2310"]

1.e4 c5 2.Nf3 Nc6 3.d4 cxd4 4.Nxd4 e6 5.Nc3 Qc7 6.Be3 a6 7.Be2 Nf6 8.O-O Bb4
9.Nxc6 dxc6 10.Bf3 e5 11.Na4 b5 12.Nb6 Rb8 13.Nxc8 Qxc8 14.a4 O-O 15.axb5 cxb5
16.Qe2 Qc6 17.c3 Be7 18.Ra2 Ra8 19.Rfa1 Rfc8 20.g3 Bd8 21.Bg5 Nd7 22.Bxd8 Rxd8
23.Rd1 Nf6 24.Raa1 Rdb8 25.Qd3 a5 26.Qd6 Qxd6 27.Rxd6 h6 28.Rc6 a4 29.Rc5 b4
30.cxb4 Rxb4 31.Rxe5 Rxb2 32.Re7 Rb3 33.Kg2 Kf8 34.Rc7 Ra5 35.Rd1 g5 36.Rd8+ Kg7
37.Be2 Nxe4 38.Bc4 Rf5 39.Bxb3 Rxf2+ 40.Kg1 axb3 41.Rd4 b2 42.Rb7 Rc2 43.Rdb4 Nc5
44.R7b5 Nd3 45.Rb3 Rd2 46.Rb6 h5 47.R3b5 f6 48.Rb8 Kg6 49.R8b6 h4 50.gxh4 gxh4
51.h3 Rc2 52.Rb8 f5 53.R8b6+ Kg5 54.Rb8 Kf4 55.Rb3 Rd2 56.R8b5 Kg3 57.Kf1 f4  0-1

[Event "Women-Veterans"]
[Site "Vienna"]
[Date "1993.??.??"]
[Round "?"]
[White "Polgar, Sofia"]
[Black "Larsen, Bent"]
[Result "1/2-1/2"]
[WhiteElo "2415"]
[BlackElo "2540"]

1.e4 c5 2.Nf3 e6 3.d4 cxd4 4.Nxd4 Nc6 5.Nc3 d6 6.Be2 Nf6 7.Be3 Be7 8.O-O Bd7
9.Ndb5 Qb8 10.a4 O-O 11.f4 Rd8 12.Qe1 a6 13.Na3 d5 14.e5 Ne4 15.Nxe4 dxe4
16.Bb6 Rc8 17.c3 Bd8 18.Nc4 Ne7 19.Bxd8 Rxd8 20.Nb6 Qa7 21.Qf2 Rab8 22.a5 Bc6
23.Rad1 h6 24.Qc5 Rxd1 25.Bxd1 Nf5 26.g4 Nh4 27.Qd6 Re8 28.Be2 Qb8 29.Kf2 g5
30.fxg5 hxg5 31.Nc4 Ng6 32.Qxb8 Rxb8 33.Rd1 Kg7 34.Bf1 Rh8 35.Kg3 Bb5 36.Rd4 Nxe5
37.Nxe5 Bxf1 38.Rd7 Kf6 39.Rxf7+ Kxe5 40.Rxf1 e3 41.Rd1 Rf8 42.Rd3 Ke4 43.Rd4+ Ke5
44.Rd3  1/2-1/2

[Event "Voskresensk2"]
[Site "Voskresensk"]
[Date "1993.??.??"]
[Round "?"]
[White "Fedorov, Alexei"]
[Black "Kozlov, Vladimir N"]
[Result "1-0"]
[WhiteElo "2490"]
[BlackElo "2280"]

1.e4 c5 2.Nf3 e6 3.Nc3 Nc6 4.d4 cxd4 5.Nxd4 Nf6 6.Nxc6 bxc6 7.e5 Nd5 8.Ne4 Qc7
9.f4 Qa5+ 10.Bd2 Qb6 11.Bd3 Ba6 12.Bxa6 Qxa6 13.Qe2 Qxe2+ 14.Kxe2 f5 15.Nf2 Rb8
16.b3 Bb4 17.g3 Nc3+ 18.Kd3 Bc5 19.Be3 Bxe3 20.Kxe3 Ke7 21.Kd2 Nd5 22.c4 Nb4
23.a3 Na6 24.b4 h6 25.h4 Nc7 26.Nd3 a5 27.Kc3 Ra8 28.Nc5 Na6 29.Nb3 axb4+
30.axb4 Nc7 31.Nc5 Rxa1 32.Rxa1 Ra8 33.Rxa8 Nxa8 34.Nb7 Kf7 35.h5 g6 36.Nd6+ Kg7
37.Ne8+ Kf7 38.Nf6 Nb6 39.hxg6+ Kxg6 40.Kd4 d6 41.exd6 Kxf6 42.Kc5 e5 43.Kxb6  1-0

[Event "Warsaw op"]
[Site "Warsaw"]
[Date "1993.??.??"]
[Round "4"]
[White "Deszczynski, Adam"]
[Black "Bashkov, Viacheslav"]
[Result "0-1"]
[WhiteElo "2255"]
[BlackElo "2450"]

1.e4 c5 2.Nf3 e6 3.d4 cxd4 4.Nxd4 Nc6 5.Nc3 a6 6.g3 d6 7.Bg2 Bd7 8.O-O Nf6
9.Be3 Be7 10.Qe2 O-O 11.Rad1 Qc7 12.f4 Rac8 13.Nb3 b5 14.a3 Rfd8 15.g4 Be8
16.g5 Nd7 17.f5 Nde5 18.fxe6 fxe6 19.Bh3 Bd7 20.Qg2 Rf8 21.Ne2 Nc4 22.Bc1 Rxf1+
23.Rxf1 Qa7+ 24.Kh1 Ne3 25.Bxe3 Qxe3 26.Nf4 Rf8 27.Nxe6 Rxf1+ 28.Qxf1 Qxe4+
29.Qg2 Qe1+ 30.Qg1 Qe5 31.Nf4 Bxh3 32.Nxh3 Qxb2 33.Qg2 Ne5 34.Qd5+ Nf7 35.Qe4 Qe5
36.Qa8+ Bf8 37.Qxa6 Qe4+ 38.Kg1 Qg4+  0-1

[Event "Warsaw op"]
[Site "Warsaw"]
[Date "1993.??.??"]
[Round "9"]
[White "Veselovsky, Sergey"]
[Black "Brodsky, Michail"]
[Result "1/2-1/2"]
[WhiteElo "2420"]
[BlackElo "2520"]

1.e4 c5 2.Nf3 e6 3.d4 cxd4 4.Nxd4 Nc6 5.Nc3 Qc7 6.Be2 Nf6 7.O-O Be7 8.Be3 O-O
9.f4 d6 10.Qe1 Nxd4 11.Bxd4 e5 12.fxe5 dxe5 13.Qg3 Bc5 14.Bxc5 Qxc5+ 15.Kh1 Kh8
16.Rxf6 gxf6 17.Qh4 Rg8 18.Qxf6+ Rg7 19.Qd8+ Rg8  1/2-1/2

[Event "Wattens op"]
[Site "Wattens"]
[Date "1993.??.??"]
[Round "?"]
[White "Lawitsch, Guenther"]
[Black "Milov, Leonid"]
[Result "0-1"]
[WhiteElo "2150"]
[BlackElo "2480"]

1.e4 c5 2.Nf3 e6 3.d4 cxd4 4.Nxd4 Nc6 5.Nc3 a6 6.Be3 Nf6 7.a3 Qc7 8.f4 d6
9.Qf3 e5 10.Nb3 exf4 11.Bxf4 Be7 12.h3 O-O 13.O-O-O Be6 14.Nc5 Ne5 15.Nxe6 fxe6
16.Bxe5 dxe5 17.Kb1 Rac8 18.Ka2 Qa5 19.Rd3 Rc6 20.Qe3 Rfc8 21.Kb1 Bxa3 22.Nd5 Bxb2  0-1

[Event "Werfen"]
[Site "Werfen"]
[Date "1993.??.??"]
[Round "1"]
[White "Polzin, Rainer"]
[Black "Sommerbauer, Norbert"]
[Result "0-1"]
[WhiteElo "2380"]
[BlackElo "2335"]

1.e4 c5 2.Nf3 e6 3.d4 cxd4 4.Nxd4 Nc6 5.Nc3 Qc7 6.Nxc6 bxc6 7.Bd3 Nf6 8.O-O d5
9.Qe2 Be7 10.Bd2 O-O 11.Rae1 Re8 12.e5 Nd7 13.Na4 c5 14.c4 Nb6 15.Nxb6 axb6
16.cxd5 exd5 17.f4 Rxa2 18.e6 Bxe6 19.Bb5 Rf8 20.f5 Bc8 21.f6 Bxf6 22.Rxf6 gxf6
23.Qf2 Rxb2 24.Re3 Bg4 25.Bd3 Rxd2 26.Qxd2 Qf4 27.Qe1 Bh5 28.Bxh7+ Kxh7 29.Rh3 Kg6
30.Rg3+ Kh6 31.Rh3 Qd4+ 32.Kh1 Ra8 33.Qc1+ Kg7  0-1

[Event "Werfen"]
[Site "Werfen"]
[Date "1993.??.??"]
[Round "6"]
[White "Polzin, Rainer"]
[Black "Staller, Peter"]
[Result "1/2-1/2"]
[WhiteElo "2380"]
[BlackElo "2385"]

1.e4 c5 2.Nf3 e6 3.d4 cxd4 4.Nxd4 Nc6 5.Nc3 a6 6.Nxc6 bxc6 7.e5 Ne7 8.Bd3 Ng6
9.Qe2 Qc7 10.f4 d5 11.exd6  1/2-1/2

[Event "Sonnevanck"]
[Site "Wijk aan Zee"]
[Date "1993.??.??"]
[Round "1"]
[White "Kuijf, Marinus"]
[Black "Van Mil, Johannes A J"]
[Result "1-0"]
[WhiteElo "2445"]
[BlackElo "2435"]

1.e4 c5 2.Nf3 e6 3.d4 cxd4 4.Nxd4 Nc6 5.Nc3 a6 6.Be2 Nge7 7.Nf3 b5 8.O-O Ng6
9.Re1 d6 10.a4 b4 11.Na2 Rb8 12.Bd2 Be7 13.c3 bxc3 14.Bxc3 O-O 15.b4 Bb7
16.b5 axb5 17.Bxb5 Ba8 18.Qd2 Qb6 19.Nb4 Nxb4 20.Bxb4 Rfc8 21.Rad1 Bc6 22.Nd4 Bxb5
23.Nxb5 Rc4 24.Bxd6 Bxd6 25.Nxd6 Rb4 26.Qc3 Rb2 27.Rf1 Rb3 28.Qc1 Qb4 29.Qc7 Rf8
30.a5 Ra3 31.Ra1 Nf4 32.a6 Rc3 33.Qe7 Qc5 34.a7 Rh3 35.Qxf8+ Kxf8 36.a8=Q+ Ke7
37.Qa7+ Qxa7 38.Rxa7+ Kxd6 39.gxh3 Nxh3+ 40.Kh1  1-0